Jonathan Taylor Thomas Filmography - Statistics

General Stats
  • This quiz has been taken 8 times
    6 since last reset
  • The average score is 17 of 43
Answer Stats
Type Year Name % Correct
TV Show 1991-1999 Home Improvement
100%
Film 1994 The Lion King
100%
Film 1998 I'll Be Home for Christmas
60%
TV Show 2013, 2014, 2015 Last Man Standing
60%
Film 1996 The Adventures of Pinocchio
60%
Video Game 1996 The Adventures of Pinocchio
60%
Film 1995 Tom and Huck
60%
TV Show 2004 8 Simple Rules
40%
TV Film 2001 An American Town
40%
Short Film 1996 Christmas in Oz
40%
TV Film 2000 Common Ground
40%
TV Show 1991 In Living Color
40%
Film 1998 I Woke Up Early the Day I Died
40%
Film 1995 Man of the House
40%
Film 1994 Pom Poko
40%
Film 1999 Speedway Junky
40%
TV Show 1987 The Adventures of Spot
40%
TV Special 1994, 1996 The Big Help
40%
TV Show 1990 The Bradys
40%
Short Film 2006 The Extra
40%
TV Show 1994, 1995 The Itsy Bitsy Spider
40%
Film 1996 The Nome Prince and the Magic Belt
40%
TV Show 1996 The Oz Kids
40%
TV Show 2003 The Simpsons
40%
Film 2000 The Tangerine Bear: Home in Time for Christmas!
40%
Film 2005 Thru the Moebius Strip
40%
Short Film 2005 Tilt-A-Whirl
40%
TV Film 2000 Timothy Tweedle the First Christmas Elf
40%
Film 1999 Walking Across Egypt
40%
Film 1996 Who Stole Santa?
40%
Film 1997 Wild America
40%
TV Show 2000 Ally McBeal
20%
Commercial 1990 Burger King
20%
Award Show 1994 Cybermania '94: Ultimate Gamers Awards
20%
Commercial 1988 Kellogg's Product 19 Cereal
20%
Video Game 2006 Kingdom Hearts II
20%
TV Show 2002, 2004 Smallville
20%
Film 1998 The Emperor's New Clothes: An All-Star Retelling of the Classic Fairy Tale
20%
TV Show 2000 The Wild Thornberrys
20%
Film 1996 Toto Lost in New York
20%
TV Show 2005 Veronica Mars
20%
TV Show 1992 Wild & Crazy Kids
20%
TV Show 1994, 1995 WWE Raw
20%
No matching quizzes found
Score Distribution
Percent of People with Each Score
Percentile by Number Answered
Your Score History
You have not taken this quiz since the last reset